Modes of power and the re-conceptualization of elites /
Сохранить в:
| Главный автор: | |
|---|---|
| Формат: | Текст |
| Метки: |
Добавить метку
Нет меток, Требуется 1-ая метка записи!
|
MARC
| LEADER | 00000 a a2200000 04500 | ||
|---|---|---|---|
| 001 | 41994 | ||
| 003 | |||
| 040 | |||
| 100 | |a Scott, John | ||
| 245 | |a Modes of power and the re-conceptualization of elites / |c John Scott | ||
| 773 | |g páginas 27-43 | ||
| 999 | |c 24832 |d 24832 | ||
